000
00256nam a22001097a 4500
008
160518b xxu||||| |||| 00| 0 eng d
020
_a
0963887548
041
_a
eng
080
_a
61
245
_a
Managing contraception;
_c
Robert A. Hatcher;
942
_2
udc
_c
BK
999
_c
2199
_d
2199